| 000 | 00619nam a2200181 i 4500 | ||
|---|---|---|---|
| 001 | 81086 | ||
| 003 | ES-MaACL | ||
| 005 | 20230906174352.0 | ||
| 007 | t| | ||
| 008 | 041102s1946 ag ||||1| spa d | ||
| 100 | 1 |
_aHollis, Christopher. _964037 |
|
| 245 | 1 | 0 |
_aSan Ignacio de Loyola / _cChristopher Hollis ; [traducción directa del inglés por Gina H. de Sala ; revisado por Antonio Ennis]. |
| 260 |
_aBuenos Aires : _bEdiciones del Tridente, _c[1946] ( _fAyacucho) |
||
| 300 |
_a316 p. ; _c24 cm. |
||
| 700 | 1 |
_aSala, Gina H. de. _9101646 |
|
| 700 | 1 |
_aEnnis, Antonio. _947253 |
|
| 852 |
_aES-MaACL _jC-3903 _bR.23487 |
||
| 999 |
_c81086 _d81086 |
||